Southville International School and Colleges
Your cart is empty.
  • Cart
  • Lists
    Public lists Eva Luna New books Lux_list list_1
    Your lists Log in to create your own lists
  • Log in to your account
  • Your cookies
  • Search history
Southville International School and Colleges
  • Advanced search
  • Recent comments
  • Most popular
  • Libraries

Log in to your account

Log in with GOOGLE


If you do not have an external account, but do have a local account, you can still log in:

  1. Home
  2. MARC view: Practice questions for NCLEX-RN /
Normal view MARC view ISBD view

Practice questions for NCLEX-RN / (Record no. 283968)

[ view plain ]
MARC details
000 -LEADER
fixed length control field 01655cam a22003494a 4500
001 - CONTROL NUMBER
control field 14391097
003 - CONTROL NUMBER IDENTIFIER
control field PILC
005 - DATE AND TIME OF LATEST TRANSACTION
control field 20150512110330.0
008 - FIXED-LENGTH DATA ELEMENTS--GENERAL INFORMATION
fixed length control field 060524s2007 nyu b 001 0 eng
010 ## - LIBRARY OF CONGRESS CONTROL NUMBER
LC control number 2006017453
020 ## - INTERNATIONAL STANDARD BOOK NUMBER
International Standard Book Number 9789814246149
035 ## - SYSTEM CONTROL NUMBER
System control number (DNLM)101277527
040 ## - CATALOGING SOURCE
Original cataloging agency DNLM/DLC
Transcribing agency DLC
Modifying agency DLC
042 ## - AUTHENTICATION CODE
Authentication code pcc
050 00 - LIBRARY OF CONGRESS CALL NUMBER
Classification number RT 55
Item number .G38 2007
060 10 - NATIONAL LIBRARY OF MEDICINE CALL NUMBER
Classification number WY 18.2
Item number G277 2007
082 00 - DEWEY DECIMAL CLASSIFICATION NUMBER
Classification number 610.73076
100 1# - MAIN ENTRY--PERSONAL NAME
Personal name Gauwitz, Donna F.
245 10 - TITLE STATEMENT
Title Practice questions for NCLEX-RN /
Statement of responsibility, etc Donna F. Gauwitz.
250 ## - EDITION STATEMENT
Edition statement Thomas Asian Edition.
260 ## - PUBLICATION, DISTRIBUTION, ETC. (IMPRINT)
Place of publication, distribution, etc Clifton Park, NY :
Name of publisher, distributor, etc Thomson Delmar Learning,
Date of publication, distribution, etc 2007.
300 ## - PHYSICAL DESCRIPTION
Extent xxi, 1178 pages ;
Dimensions 28 cm.
504 ## - BIBLIOGRAPHY, ETC. NOTE
Bibliography, etc Includes bibliographical references and index.
538 ## - SYSTEM DETAILS NOTE
System details note Systems requirement for accompanying CD-ROM: Microsoft Windows 98SE, Microsoft Windows 2000, or Microsoft Windows XP. RAM: 32 MB for Windows 98SE, 64MB for Windows 2000, and 128 MB for Windows XP; Hard disk space: 40MB. Display: 800x600 with 16-bit color. PDA Operating System Requirements: Windows Mobile 2003 or newer or Palm OS 3.0 or newer. Devices must have a minimum of 6MB of available memory for the full question database.
650 #0 - SUBJECT ADDED ENTRY--TOPICAL TERM
Topical term or geographic name as entry element Nursing
Form subdivision Examinations, questions, etc.
650 12 - SUBJECT ADDED ENTRY--TOPICAL TERM
Topical term or geographic name as entry element Nursing Process
Form subdivision Examination Questions.
650 22 - SUBJECT ADDED ENTRY--TOPICAL TERM
Topical term or geographic name as entry element Nursing Care
Form subdivision Examination Questions.
856 41 - ELECTRONIC LOCATION AND ACCESS
Materials specified Table of contents only
Uniform Resource Identifier <a href="http://www.loc.gov/catdir/toc/ecip0614/2006017453.html">http://www.loc.gov/catdir/toc/ecip0614/2006017453.html</a>
906 ## - LOCAL DATA ELEMENT F, LDF (RLIN)
a 7
b cbc
c orignew
d 1
e ecip
f 20
g y-gencatlg
942 ## - ADDED ENTRY ELEMENTS (KOHA)
Source of classification or shelving scheme Library of Congress Classification
Koha item type Books
Holdings
Withdrawn status Lost status Source of classification or shelving scheme Damaged status Home library Current library Shelving location Date acquired Source of acquisition Sub Shelving location Total Checkouts Full call number Barcode Date last seen Price effective from Koha item type
    Library of Congress Classification   Southville International School Affiliated with Foreign Universities Library Southville International School Affiliated with Foreign Universities Library Southville Foreign University Section 05/12/2015 Library Fund     RT 55 .G38 2007 SFU1935 05/15/2018 05/12/2015 Books

Practice questions for NCLEX-RN /

APA

Gauwitz D. F., . (2007). Practice questions for NCLEX-RN. Clifton Park, NY: Thomson Delmar Learning.

Chicago

Gauwitz Donna F, . 2007. Practice questions for NCLEX-RN. Clifton Park, NY: Thomson Delmar Learning.

Harvard

Gauwitz D. F., . (2007). Practice questions for NCLEX-RN. Clifton Park, NY: Thomson Delmar Learning.

MLA

Gauwitz Donna F, . Practice questions for NCLEX-RN. Clifton Park, NY: Thomson Delmar Learning. 2007.

  • Place hold
  • Print
  • Cite
  • Add to your cart (remove)
  • Save record
    BIBTEX Dublin Core MARCXML MARC (non-Unicode/MARC-8) MARC (Unicode/UTF-8) MARC (Unicode/UTF-8, Standard) MODS (XML) RIS
  • More searches
    Search for this title in:
    Other Libraries (WorldCat) Other Databases (Google Scholar) Online Stores (Bookfinder.com) Open Library (openlibrary.org)

Exporting to Dublin Core...

SOUTHVILLE LIBRARY

Southville International School and Colleges Library

1281 Tropical Ave. Cor. Luxembourg St., BF Homes International, Las Pinas City

Tel. No. 8256374 / 252358 Loc. 117/146

Powered by Koha